000 00299nam a22001337a 4500
008 171220b xxu||||| |||| 00| 0 eng d
020 _a0306426242
041 _aeng
080 _a61
100 _a3
101 _ashm
245 _aprevention in clinical practice
_cbecker.d.m
942 _2udc
_cBK
999 _c39223
_d39223